00736nam a2200205 a 450000100100000000500170001000800410002704000250006808200200009310000420011324500520015526000620020730000200026965000280028965000310031791000380034804900090038695201180039599900170051300001108320240412074222.0091014t197? dr 001 p spa d aDO-SdBNPbspacBNPHU aRD861.44bS237r1 aSantos, Domingo de los,d1944-92658310aRaíces de las horas /cDomingo de los Santos. aSanto Domingo :bMovimiento Cultural Universitario,c197? a44 p. ;c21 cm. 0aPoesía dominicana966 0aLiteratura dominicana.967 aValidado. Control de calidad EMS. aBNPD 0010718PDaPDbPDcHDd2009-10-14iLF1l0oRD861.44 S237rp11083-10r2020-06-25w2020-06-25yLFPDZNo se presta c10808d10808